| 000 | 01099pac a2200349 i 4500 | ||
|---|---|---|---|
| 003 | EG-GICUC | ||
| 005 | 20260121101415.0 | ||
| 008 | 950630s1996 enka frb 001 0 eng d | ||
| 020 | _a1855676095 | ||
| 020 | _a9781855676091 | ||
| 040 |
_aDLC _cDLC _dDLC _dEG-GICUC _beng _erda |
||
| 043 |
_ae-uk--- _an-cn--- |
||
| 050 | 0 | 0 |
_aK3240.6 _b.U53 1996 |
| 082 | 0 | 0 |
_a341.48 _221 |
| 092 | 0 | 4 | _221 |
| 099 | _aLaw 08 1996 | ||
| 245 | 0 | 0 |
_aUnderstanding human rights / _cedited by Conor Gearty and Adam Tomkins. |
| 264 |
_aLondon ; _aNew York : _bMansell, _c1996. |
||
| 300 |
_axv, 656 page : _billustrations ; _c24 cm. |
||
| 336 |
_atext _btxt _2rdacontent |
||
| 337 |
_aunmediated _bn _2rdamedia |
||
| 338 |
_avolume _bnc _2rdacarrier |
||
| 504 | _aIncludes bibliographical references and index. | ||
| 650 | 0 | _aHuman rights. | |
| 650 | 0 |
_aHuman rights _zGreat Britain. |
|
| 650 | 0 |
_aHuman rights _zCanada. |
|
| 700 | 1 |
_aGearty, C. A., _eeditor. |
|
| 700 | 1 |
_aTomkins, Adam, _eeditor. |
|
| 856 | 4 | 0 | _uhttps://fll.law.cu.edu.eg/fulltext/bks/ENGB08-00073.pdf |
| 905 | _a10 | ||
| 942 |
_2ddc _cBK _e21 _n0 |
||
| 999 |
_c47845 _d47845 |
||